000 00370nam a2200133Ia 4500
005 20260328104329.0
008 260328s9999||||xx |||||||||||||| ||und||
100 _aSolnit, Rebecca
245 0 _aNonstop Metropolis :
_b A New York City Atlas /
_cRebecca Solnit
260 _bUniversity of California Press
300 _a221 p.
650 _aESTADOS UNIDOS
942 _cBK
999 _c11651
_d11651